Lalon Shah, the great poet /
Study on life and works of Lālana Śāha, 1774-1890, Bengali nomadic folk poet from Kushtia in undivided Bengal, India, now part of Bangladesh; includes translations of songs of the poet.
| 1. Verfasser: | |
|---|---|
| Format: | Buch |
| Sprache: | English Bengali |
| Veröffentlicht: |
Dhaka :
Palal Prokashoni,
2009.
|
| Schlagworte: | |
| Classic Catalogue: | View this record in Classic Catalogue |
| LEADER | 01298nam a2200313 a 4500 | ||
|---|---|---|---|
| 001 | 8182 | ||
| 003 | BD-DhAAL | ||
| 005 | 20151020143330.0 | ||
| 008 | 151020s2009 bg b 000 0deng | ||
| 010 | |a 2009346244 | ||
| 020 | |a 9789846032697 | ||
| 020 | |a 9847009000218 | ||
| 040 | |a DLC |c DLC |d DLC |d BD-DhAAL | ||
| 041 | 1 | |a eng |h ben | |
| 050 | 0 | 0 | |a PK1718.L35 |b Z69 2009 |
| 082 | |a 398/.042/095492 | ||
| 100 | 1 | |a Hossain, Abu Ishahaq, |d 1974- |9 15596 | |
| 245 | 1 | 0 | |a Lalon Shah, the great poet / |c Abu Ishahaq Hossain. |
| 260 | |a Dhaka : |b Palal Prokashoni, |c 2009. | ||
| 300 | |a 200 p. ; |c 22 cm. | ||
| 504 | |a Includes bibliographical references. | ||
| 520 | |a Study on life and works of Lālana Śāha, 1774-1890, Bengali nomadic folk poet from Kushtia in undivided Bengal, India, now part of Bangladesh; includes translations of songs of the poet. | ||
| 541 | |e 8182 | ||
| 546 | |a Includes songs in Bengali |b (In Bengali and roman). | ||
| 600 | 0 | 0 | |a Lālana Śāha, |d 1774-1890 |x Criticism and interpretation. |9 15597 |
| 650 | 0 | |a Folk songs, Bengali |z Bangladesh. |9 15598 | |
| 942 | |2 ddc |c BK | ||
| 999 | |c 35855 |d 35855 | ||
| 952 | |0 0 |1 0 |2 ddc |4 0 |6 398_000000000000000__042_095492_HOS |7 0 |9 56366 |a SCL |b SCL |c GEN |d 2015-10-20 |g 450.00 |l 3 |m 7 |o 398.042095492 HOS |p 3020008182 |r 2020-02-10 |s 2019-01-23 |t 1 |w 2015-10-20 |y BK | ||